| 000 | 01114cab a2200229 4500 | ||
|---|---|---|---|
| 001 | ABS67393 | ||
| 008 | 040205n2003 000 0 eng u | ||
| 035 | _a(Sirsi) u125047 | ||
| 100 | _aPeckett, V. | ||
| 245 | _a"JCT major project form" - thinking big | ||
| 260 | _c2003 | ||
| 490 |
_aConstruction Law Bulletin _v December 2003, 14-18(5) |
||
| 520 | _aLooks in detail at the new JCT standard form construction contract the "JCT major project form" (MPF 2003) (J122869), which was launched in June 2003. It is intended for use by experienced and knowledgeable developers and contractors for projects worth in excess of £10m. Concludes it clearly identifies the risks imposed on the contractor, enabling them to price risk appropriately. | ||
| 590 | _aABS | ||
| 650 | _aBUILDING CONTRACTORS | ||
| 650 | _aJCT MAJOR PROJECT FORM (2003 EDITION) | ||
| 650 | _aMAJOR PROJECTS | ||
| 650 | _aBUILT ENVIRONMENT-BUILDING CONTRACT FORMS-STANDARD FORMS OF BUILDING CONTRACT-JOINT CONTRACTS TRIBNUAL CONTRACTS | ||
| 650 | _aRISK MANAGEMENT | ||
| 690 | _aBUILT ENVIRONMENT-BUILDING CONTRACT FORMS | ||
| 942 | _n0 | ||
| 999 |
_c74122 _d74122 |
||